Dynamic models of advertising competition: open - and closed - loop extensions

Saved in:
Bibliographic Details
Main Author: Erickson, Gary M (Author)
Format: Book
Language:English
Published: Boston Kluwer 1991
Series:International Series in Quantitative Marketing
Subjects:
Tags: Add Tag
No Tags, Be the first to tag this record!

MARC

LEADER 00000nam a2200000 a 4500
001 UCV6883
003 CL-VaPUC
008 921203e19910000US |||||||||||||||||eng|d
082 0 4 |a 659.101  |b ERI  |2 21 
100 0 |a Erickson, Gary M  |e author  |9 300887 
245 1 0 |a Dynamic models of advertising competition: open - and closed - loop extensions 
300 |a 122 p 
942 |c BK 
945 |d 19921203 00:00:00 
260 |a Boston  |b Kluwer  |c 1991 
650 7 |a PUBLICIDAD MODELOS MATEMATICOS  |2 CL-VaPUC  |9 263824 
650 0 |a Competencia económica   |9 256096 
583 |a last modification  |c 19921203 00:00:00  |k Rodrigo Vera 
490 0 |a International Series in Quantitative Marketing 
999 |c 212708  |d 212706 
952 |0 0  |1 0  |4 0  |6 659_101000000000000_ERI_1991  |7 0  |8 A  |9 194166  |a BIBING  |b BIBING  |d 2019-11-14  |i 2623188  |o 659.101 ERI 1991  |p 2623188  |r 2025-01-20  |w 2019-11-14  |y BK  |k EII